Δελτίον : μηνιαία γεωργική, βιομηχανική και εμπορική εφημερίς

Αποθηκεύτηκε σε:
Λεπτομέρειες βιβλιογραφικής εγγραφής
Συγγραφή απο Οργανισμό/Αρχή: Βιομηχανική και Εμπορική Ακαδημία
Μορφή: Βιβλίο
Γλώσσα:Greek
Δημοσίευση: Εν Αθήναις : [χ.ό], 1914.
Θέματα:
Ετικέτες: Προσθήκη ετικέτας
Δεν υπάρχουν, Καταχωρήστε ετικέτα πρώτοι!

MARC

LEADER 00000cam a2200000 i 4500
001 1/68492
008 150309s1914 gr | ||| |||| ||gre||
035 |l 10121367 
040 |a GR-MyUA  |b gre  |e AACR2 
041 0 |a gre 
082 0 |a 330.05  |2 (23) 
110 2 |a Βιομηχανική και Εμπορική Ακαδημία. 
245 1 0 |a Δελτίον :   |b μηνιαία γεωργική, βιομηχανική και εμπορική εφημερίς /   |c Βιομηχανική και Εμπορική Ακαδημία ίδρυμα πλήρους ανωτέρας τεχνικής εκπαιδεύσεως ; [συντελεστής Ο.Α. Ρουσόπουλος].  
246 3 3 |a Δελτίον της Βιομηχανικής και Εμπορικής Ακαδημίας κατά μήνα εκδιδόμενον.. 
260 |a Εν Αθήναις :   |b [χ.ό],   |c 1914.  
300 |a 1 τ. (ποικίλες σελιδαριθμήσεις) :   |b πίν. ;   |c 25 εκ.  
500 |a Πρωτοκυκλοφόρησε με τον τίτλο "Δελτίον της Βιομηχανικής και Εμπορικής Ακαδημίας κατά μήνα εκδιδόμενον.. 
505 0 |a Είναι δεμένα σε 1 τόμο τα τεύχη Νοεμ. 1914, τόμος ΙΘ' τεύχος 7 έως τεύχος 26. 
650 0 0 |a Agriculture  |z Greece  |x Periodicals. 
651 0 |a Greece  |x Commerce  |x Periodicals. 
651 0 |a Greece  |x Economic conditions  |x Periodicals. 
700 1 |a Ρουσόπουλος, Όθων Α.  |e oth 
852 |a INST  |b SAMOS  |c PORFYRIADA  |e 20150309  |h 330.05 ΒΙΟ  |p 005300041928  |q 005300041928  |t NOLOAN  |y 23 
901 |a BIBL3-2015-1 
970 |a ΣΙΤΖΙΜΗ  |b ΓΙΑΣΕΜΗ  |z 2015/03/09